ბათუმის შოთა რუსთაველის სახელმწიფო უნივერსიტეტის ბიბლიოთეკა

საქართველოს შავი ზღვის სანაპიროს ზუთხისებრი, გენეზისი,ტაქსონომიური შემადგენლობა, ბიოეკოლოგია, ოტოლითების აგებულება და კონსერვაცია : დისერტაცია / (ბიბ.ჩანაწერი № 51682)

000 -ლიდერი
ფიქსირებული სიგრძის საკონტროლო ველი 01783nam a2200241Ia 4500
001 - საკონტროლო ნომერი
საკონტროლო ველი 18673
003 - საკონტროლო ნომრის იდენტიფიკატორი
საკონტროლო ველი GE_BSU
005 - ბოლო ოპერაციის თარიღი და დრო
საკონტროლო ველი 20220920110314.0
008 - ფიქსირებული სიგრძის მონაცემთა ელემენტები - ზოგადი ინფორმაცია
ფიქსირებული სიგრძის საკონტროლო ველი 181216s2012||||ge |||||||||||||| ||geo||
040 ## - კატალოგიზაციის წყარო
Transcribing agency GE_BSU
041 ## - ენის კოდი
Language code of text/sound track or separate title geo
080 ## - უნივერსალური ათობითი კლასიფიკაციის ინდექსი
Universal Decimal Classification number 57 გ-99
100 ## - მთავარი ჩანაწერი - პიროვნების სახელი
Personal name გუჩმანიძე, არჩილ
9 (RLIN) 11617
245 ## - ცნობა სათაურის შესახებ
Title საქართველოს შავი ზღვის სანაპიროს ზუთხისებრი, გენეზისი,ტაქსონომიური შემადგენლობა, ბიოეკოლოგია, ოტოლითების აგებულება და კონსერვაცია : დისერტაცია /
Statement of responsibility, etc არჩილ გუჩმანიძე; სამეცნიერო ხელმძღვანელი თ. გოგმაჩაძე; ბათუმის შოთა რუსთაველის სახ-ფო უნ-ტი.
264 ## - წარმოების, გამოცემის, დისტრიბუციის და სხვა ცნობები
გამოცემის, წარმოების, დისტრიბუციის... ადგილი ბათუმი,
გამოცემის, წარმოების, დისტრიბუციის... თარიღი 2012.
300 ## - ფიზიკური აღწერა
Extent 181 გვ. ;
Other physical details 30 სმ.
653 ## - INDEX TERM--UNCONTROLLED
Uncontrolled term ბიოლოგია
653 ## - INDEX TERM--UNCONTROLLED
Uncontrolled term დისერტაცია
653 ## - INDEX TERM--UNCONTROLLED
Uncontrolled term საქართველოს შავი ზღვის სანაპიროს ზუთხისებრი, გენეზისი,ტაქსონომიური შემადგენლობა, ბიოეკოლოგია, ოტოლითების აგებულება და კონსერვაცია
700 ## - ADDED ENTRY--PERSONAL NAME
Personal name გოგმაჩაძე, თ.
Relator term სამეცნიერო ხელმძღვანელი
9 (RLIN) 2676
710 ## - ADDED ENTRY--CORPORATE NAME
Corporate name or jurisdiction name as entry element ბათუმის შოთა რუსთაველის სახ-ფო უნ-ტი.
9 (RLIN) 11618
942 ## - ADDED ENTRY ELEMENTS (KOHA)
Koha item type წიგნი
Source of classification or shelving scheme
ეგზემპლარები
ჩამოწერის სტატუსი დაკარგული ეგზემპლარის სტატუსი კლასიფიკაციის წყარო ან თაროზე გაწყობის სქემა დაზიანების სტატუსი არ გაიცემა მუდმივი მდებარეობა (დაცვის ადგილი) ამჟამინდელი ადგილსამყოფელი შეძენის თარიღი სრული შენახვის შიფრი შტრიხკოდი ბოლო ოპერაციის თარიღი ეგზემპლარის მიმდევრობითი ნომერი (კეტერი?) ფასის ძალაში შესვლის თარიღი ეგზემპლარის სახეობა
        შიდა ფონდი ბათუმის შოთა რუსთაველის სახელმწიფო უნივერსიტეტის მთავარი ბიბლიოთეკა ბათუმის შოთა რუსთაველის სახელმწიფო უნივერსიტეტის მთავარი ბიბლიოთეკა 2018-12-17 57 გ-99 128 დისერტ. 2018-12-17 128 2018-12-17 დისერტაცია